|
|
|
|
| LEADER |
00764nam a22001932a 4500 |
| 001 |
000162999 |
| 003 |
CZ BrMZK |
| 005 |
20030814075133.0 |
| 008 |
010907s1980 xr f cze d |
| 040 |
|
|
|a BOA001
|b cze
|c BOA002
|
| 100 |
1 |
|
|a Jelínková, Zdenka,
|d 1920-2005
|7 ola200205253
|4 aut
|
| 245 |
1 |
0 |
|a Tance z Horňácka :
|b metodický materiál pro soubory lidových písní a tanců.
|n [Díl] 2.,
|p Lipov, Louka.
|n Zdenka Jelínková
|
| 246 |
3 |
0 |
|a Lipov, Louka
|
| 260 |
|
|
|a Hodonín :
|b Okresní kulturní středisko,
|c 1980
|
| 300 |
|
|
|a 61 s.
|
| 910 |
|
|
|a BOA001
|b PK-N-0027.170,2
|
| 964 |
|
|
|a Tance lidové horňácké - popisy - materiály metodické
|
| 990 |
|
|
|a BK
|
| 996 |
7 |
|
|b 3119941636
|c PK-N-0027.170,2
|l MZK
|r Sklad / do 1 hodiny
|n 12
|w 000162999
|u 000010
|a 1
|e BOA001
|j MZK50
|s A
|